00402 2200157 4500001002100000008004100021035002000062245003500082260003500117300002400152020001800176084001700194082001100211650001000222990001200232INLIS000000000003005 ind  a0010-1024000153 aBeautiful MistakecJjea Mayang aYogyakartabSinar Kejorac2014 a296c13,5 x 19,5 cm a9786027902541 a808.83 JJE b a808.83 afiksi aDI.3625